000 00664nam a2200277Ia 4500
001 Z_2021
003 CHAP
008 220113s1998 xx 000 0 und d
010 _a165094
040 _cCHAP
090 _aFolleto 347
100 _aLópez Ríos, Georgina Florencia
_968299
245 _aDiversidad vegetal /
_cpor Georgina Florencia López Ríos
260 _aChapingo, Méx. :
_bUACH. Dirección de Difusión Cultural,
_c1998
300 _a207 p.
440 _a
500 _a
503 _a
650 _aBotánica
_914477
901 _aFolleto 347
902 _aA
910 _a1998
942 _cc14
942 _cc14
999 _c165094
_d165094